| 000 | 01150nam a2200253Ia 4500 | ||
|---|---|---|---|
| 999 |
_c35752 _d35752 |
||
| 001 | 1631 | ||
| 003 | GE_BSU | ||
| 005 | 20190506151204.0 | ||
| 008 | 181216s2011||||ge |||||||||||||| ||geo|| | ||
| 020 | _a9789941412783 | ||
| 040 | _cGE_BSU | ||
| 041 | _ageo | ||
| 080 | _a37.01(09) ბ–65 | ||
| 100 |
_aბიბილეიშვილი, იური _9800 |
||
| 245 |
_aპედაგოგიკის თეორიისა და ისტორიის საკითხები / _cიური ბიბილეიშვილი ; რედ. ნოდარ ბარამიძე. |
||
| 264 |
_aბათუმი : _bშოთა რუსთაველის სახელმწ. უნ-ტის გამ-ბა, _c2011. |
||
| 300 |
_a516გვ.; _b19 სმ. |
||
| 504 | _a ბიბლიოგრ.: გვ. 508-510. | ||
| 653 | _aპედაგოგიკა | ||
| 653 | _aპედაგოგიკის თეორია | ||
| 653 | _aპედაგოგიკის ისტორია | ||
| 700 |
_aბარამიძე, ნოდარ _eრედაქტორი _9377 |
||
| 942 |
_cBK _2udc |
||